| 000 | 00735nam a2200181 i 4500 | ||
|---|---|---|---|
| 001 | 189953 | ||
| 003 | ES-MaACL | ||
| 005 | 20250902073149.0 | ||
| 008 | 200221s1972 sp |||| | spa d | ||
| 245 | 0 | 0 |
_aQuímicas _b: industrias químicas, prensado de materias plásticas y resinas, pisos de goma, laboratorios : Reglamento de Trabajo en las industrias químicas: [Orden 26 de febrero de 1946]. |
| 260 |
_aMadrid : _bGarcia Enciso, _c1972. |
||
| 300 |
_a111 p. ; _c16 cm. |
||
| 490 | 1 | _aColección García Enciso | |
| 650 | 4 |
_aTrabajadores de la industria química- _xEstatuto jurídico- _zEspaña. _9165903 |
|
| 830 | 0 | 0 |
_aColección "García Enciso" _9176884 |
| 852 |
_aES-MaACL _jP-1332-35 |
||
| 999 |
_c189953 _d189953 |
||